000 00858nam a2200289Ia 4500
001 B8811
003 IT-RoPAU
008 130308s9999 xx 000 0 und d
040 _aIT-RoPAU
040 _cIT-RoPAU
041 _aITALIANO
100 _aTassone Aldo
100 _gCodice Aut. SPICS: 837
245 _aAkira Kurosawa
245 _bAkira Kurosawa
250 _a1a ed.
260 _aMILANO
260 _bIl Castoro
260 _c1995 [1° Ed.:1995 - Ed.Ling.Originale:1995]
300 _a"164 p. (prefazione: no ; testo: 164 [pagine: 0-0])"
500 _aMonografia Sul regista Giapponese. Dichiarazioni del Regista. Dati, Trama e Critica dei Suoi Film fino a Madadayo (1993). Filmografia. Videografia.
650 _aAUTORI/OPERE DEL CINEMA
650 _eCodice materia Spics: 6807
942 _cBK
957 _71
999 _c92913
_d92913
999 _g1